000 00932nam a2200337 a 4500
001 000114355
003 CHAP
005 20220329144437.0
008 180115s1990 mx a |r| |||0|||spa d
010 _a110816
011 _a111788
020 _a9684330472
040 _cCHAP
082 0 4 _a581.634
_bW34 1990
100 1 _aWatterlot, There de
_9134318
245 1 3 _aEl ginseng y sus maravillas /
_cpor There de Watterlot.
250 _a11 ed.
260 _aMéxico :
_bPosada,
_c1990.
300 _a175 p. :
_bil.
490 1 _aBiblioteca Natura
590 _aE6096MTM
_b05
_c20180115
_lUCH01
_h1353
590 _aE6096MTM
_b05
_c20180116
_lUCH01
_h1442
650 1 4 _aBotánica médica.
_914680
650 1 4 _aGinseng
_xEnfermedades.
_948091
650 1 4 _aMedicina alternativa.
_973914
650 1 4 _aMedicina tradicional.
_973921
830 0 _aBiblioteca Natura
_912453
901 _aBK
942 _cLIBRO
942 _n0
999 _c110816
_d110816